000 00534nam a2200229Ia 4500
003 OSt
005 20220912144326.0
006 a|||||r|||| 00| 0
007 ta
008 220909b |||||||| |||| 00| 0 eng d
020 _a1381538
024 _a193419
037 _cTextual
040 _aCSL
_beng
_cCSL
041 _aeng
082 _aE5:3,15, P5;5
100 _ayadav lds
245 0 _aorganic spectroscopy
700 _ayadav lds
942 _hE5:3,15, P5;5
_cTEXL
_2CC
999 _c4920
_d4920